000 00858nam a22002057a 4500
003 UA-OsUOA
001 6972
007 ta
008 20031118b un ||||| |||| 00| 0 ukr d
090 _bК12
942 _cSA
040 _aUA-OsUOA
_bukr
_cUA-OsUOA
_dUA-OsUOA
245 _aПро внесення змін до Порядку координації проведення планових вихзних первірок фінансово-господарської діяльності субєктівв підпрємницької діляьності контролюючими органами
_bПостанова від 15 жовтня 2003 року №1625
_cКабінет Міністрів України
300 _aС.45-47
955 _a0
041 _aukr
044 _aUA
773 0 _w0
650 7 _aВиконавча влада
_2UDC
999 _c293133
_d293133